000 00455cam a22001457a 4500
008 180718b1959 xxu||||| |||| 00| 0 eng d
082 _aP500x73 M789
100 _aMoos, Malcolm
245 _aCampus and the state
_cby Malcolm Moos and Francis E. Rourke
260 _aBaltimore
_bJohns Hopkins
_c1959
300 _a414p.
650 _aEducation and State - USA
650 _aColleges and Universities - USA - Administration
700 _aRourke, Francis E.
999 _c374788
_d374788